Report on the growth of employment in public sector undertakings during the sixth five year plan (Record no. 495592)

000 -LEADER
fixed length control field 00413cam a22000977a 4500
008 - FIXED-LENGTH DATA ELEMENTS--GENERAL INFORMATION
fixed length control field 180718b1986 xxu||||| |||| 00| 0 eng d
082 ## - DEWEY DECIMAL CLASSIFICATION NUMBER
Classification number R11x5453 K45s
245 ## - TITLE STATEMENT
Title Report on the growth of employment in public sector undertakings during the sixth five year plan
Statement of responsibility, etc. by Department of Economics and Statistics
260 ## - PUBLICATION, DISTRIBUTION, ETC.
Place of publication, distribution, etc. Kerala
Name of publisher, distributor, etc. Government of Kerala
Date of publication, distribution, etc. 1986
700 ## - ADDED ENTRY--PERSONAL NAME
Personal name Trivandrum. Department of Economics and Statistics
Holdings
Withdrawn status Lost status Damaged status Not for loan Permanent Location Current Location Date acquired Full call number Barcode Date last seen Price effective from Koha item type
        Indian Institute of Public Administration Indian Institute of Public Administration 2018-08-04 R11x5453 K45s GG20676 2018-08-04 2018-08-04 GG

Powered by Koha